| 000 | 00752nam a2200217 a 4500 | ||
|---|---|---|---|
| 999 |
_c633 _d633 |
||
| 001 | 8097 | ||
| 003 | BD-DhUAP | ||
| 005 | 20200126114710.0 | ||
| 008 | 200126s2003 ii ab 000 0 eng d | ||
| 020 | _a8121922593 | ||
| 040 |
_aDLC _cBD-DhUAP _dBD-DhUAP _bEng |
||
| 082 | 0 | 0 |
_a390 ROY _223 |
| 100 | 1 | _aRoy, Indrani Basu. | |
| 245 | 1 | 0 |
_aAnthropology : _bthe study of man (includes--physical anthropology, prehistory and social-cultural anthropology) (for students of anthropology in Indian University) / _cIndrani Basu Roy. |
| 250 | _a1st ed. | ||
| 260 |
_aNew Delhi : _bS. Chand and Co., _cc2003. |
||
| 300 |
_aviii, 707 pages : _billustrations ; _c25 cm. |
||
| 650 | 0 | _aAnthropology. | |
| 942 |
_2ddc _cBK |
||